Science Quiz

Random Science or Animal Quiz

Physiology Key words BIO1240 Quiz Stats

 Plays Quiz not verified by Sporcle

Also try: Noble Gases
Challenge
Share
Tweet
Embed
Score 0/50 Timer 20:00
0 Plays Today
% Correct
Negative feedback
80.4%
Systole
80.4%
Rhiosphere
76.1%
Osmoconformers
76.1%
Glomerules or Bowmans capsule
76.1%
Acute Responce
71.7%
Corpus lutetium
71.7%
Semi-Luna Valves
71.7%
Diastole
71.7%
Acclimatisation
69.6%
Heterothermy
67.4%
Positive feedback
65.2%
Acclimation
65.2%
Endocrine signalling
65.2%
Euryhaline
65.2%
Progesterone
65.2%
Punkinye fibres
65.2%
Lactose
65.2%
Paracine signalling
63%
Sinoatrial node
63%
Atrioventricular valves
63%
CAM
60.9%
Sucrose
60.9%
Mycorrhizal fungi
58.7%
C4
58.7%
% Correct
Autocine signalling
58.7%
Stenohaline
58.7%
Natural Killer Cells
58.7%
Chronic Responce
56.5%
Symplastic
56.5%
LH (Luteinising hormone)
56.5%
TLR5
54.3%
Maltose
52.2%
Juxtamedullary Nephron
52.2%
TLR3
52.2%
Apoplastic
50%
Bundle of His
50%
Synaptic signalling
47.8%
Atrioventricular node
47.8%
Cortical Nephron
43.5%
Mast cells
41.3%
Lipid soluble hormones
41.3%
Macrophages
39.1%
Acrosome
39.1%
TLR4
39.1%
β epinephrine receptors
37%
α epinephrine receptors
37%
Water soluble hormones
34.8%
Neutrophils
30.4%
Dendritic cells
23.9%

You're not logged in!

Compare scores with friends on all Sporcle quizzes.
Join for Free
OR
Log In

You Might Also Like...

Show Comments

Extras

Top Quizzes Today


Score Distribution

Your Account Isn't Verified!

In order to create a playlist on Sporcle, you need to verify the email address you used during registration. Go to your Sporcle Settings to finish the process.

Report this User

Report this user for behavior that violates our Community Guidelines.

Details: